[Event "10th Sunny Beach Open"]
[Site "Sunny Beach BUL"]
[Date "2011.09.04"]
[Round "9.64"]
[White "Shentov,Petar-Delian"]
[Black "Jenc,M"]
[Result "1-0"]
[WhiteElo "1708"]
[BlackElo "1888"]

1.d4 Nf6 2.Bg5 Ne4 3.Bf4 g6 4.f3 Nf6 5.e4 d6 6.Bd3 Bg7 7.Ne2 c5 8.c3 cxd4
9.cxd4 Qb6 10.Qd2 Nc6 11.Nbc3 Bd7 12.Be3 Nb4 13.O-O Nxd3 14.Qxd3 e6 15.e5 Nd5
16.Nxd5 exd5 17.Nc3 Qc6 18.f4 O-O 19.Rac1 Rac8 20.Qe2 dxe5 21.fxe5 Qe6 22.Qf3 Bc6
23.Bg5 h6 24.Bf6 Bxf6 25.Qxf6 Qxf6 26.Rxf6 Rfe8 27.Rcf1 Re7 28.Rd6 Rd7 29.Rxd7 Bxd7
30.Nxd5 Rd8 31.Nf6+ Kg7 32.Nxd7 Rxd7 33.Rd1 Rd5 34.Kf2 Kf8 35.Ke3 Ke7 36.Ke4 Ra5
37.a3 f6 38.exf6+ Kxf6 39.d5 Ke7 40.Ke5 Rc5 41.Rd2 a5 42.Re2 Rb5 43.Kd4+ Kd7
44.Kc4 Rb6 45.b3 Rf6 46.g3 Rf3 47.Rd2 Kd6 48.Re2 Kd7 49.Re6 a4 50.bxa4 Rxa3
51.Kb4 Rd3 52.Rxg6  1-0

[Event "VII Ugra Governor's Cup"]
[Site "Khanty-Mansiysk RUS"]
[Date "2011.09.05"]
[Round "6"]
[White "Kalmachevskikh,V"]
[Black "Fedorov,Alex"]
[Result "0-1"]
[WhiteElo "2293"]
[BlackElo "2598"]

1.d4 Nf6 2.Bg5 Ne4 3.Bf4 c5 4.d5 Qb6 5.Nd2 Nxd2 6.Bxd2 e5 7.e4 Be7 8.Nf3 d6
9.a4 O-O 10.a5 Qc7 11.Bc4 Kh8 12.Bc3 f5 13.Nd2 Bg5 14.exf5 Bxf5 15.h4 Bh6
16.Nf1 Nd7 17.Ng3 Bg6 18.h5 Bf7 19.Ne4 Bg8 20.Qe2 Nf6 21.Rd1 Nxe4 22.Qxe4 Rf4
23.Qe2 Raf8 24.g3 Rxf2 25.Qxf2 Rxf2 26.Kxf2 Qf7+ 27.Kg2 Qf5 28.Rde1 Qxc2+
29.Re2 Bxd5+ 30.Kg1 Qd1+  0-1

[Event "VII Ugra Governor's Cup"]
[Site "Khanty-Mansiysk RUS"]
[Date "2011.09.06"]
[Round "7"]
[White "Shustov,I"]
[Black "Obodchuk,A"]
[Result "0-1"]
[WhiteElo "2120"]
[BlackElo "2373"]

1.d4 Nf6 2.Bg5 Ne4 3.Bh4 c5 4.dxc5 Na6 5.Nd2 Nexc5 6.e4 d6 7.Bc4 g6 8.Qf3 Ne6
9.e5 Nac7 10.exd6 Qxd6 11.Bg3 Qc5 12.Bxc7 Qxc7 13.Bb5+ Bd7 14.Bxd7+ Qxd7
15.Qe3 Bg7 16.O-O-O Bd4 17.Qf3 Qa4 18.Kb1 O-O 19.Ne2 Rac8 20.Nb3 Bxb2 21.Kxb2 Rxc2+
22.Kxc2 Qxa2+ 23.Kc1 Rc8+ 24.Nc3 Qxb3 25.Kd2 Qb2+ 26.Ke1 Rxc3 27.Qe4 Rc2
28.Qe3 a5 29.h4 h5 30.Rh3 Rc5 31.Kf1 Re5 32.Qf3 a4 33.Kg1 b5 34.Qd3 Qe2 35.Qd7 Rf5
36.Rf1 Nf4 37.Re3 Qg4 38.Qd8+ Kh7 39.Qa8 Ne2+ 40.Kh2 Qxh4+ 41.Rh3 Qf6 42.Qe4 Qe5+  0-1

[Event "VII Ugra Governor's Cup"]
[Site "Khanty-Mansiysk RUS"]
[Date "2011.09.07"]
[Round "8"]
[White "Papayan,O"]
[Black "Purtov,K"]
[Result "1/2-1/2"]
[WhiteElo "2285"]
[BlackElo "2012"]

1.d4 Nf6 2.Bg5 Ne4 3.Bf4 d5 4.f3 Nf6 5.Nc3 e6 6.e4 Bb4 7.Qd3 c5 8.dxc5 Qa5
9.Qb5+ Qxb5 10.Bxb5+ Bd7 11.Bd2 Bxc3 12.Bxd7+ Nbxd7 13.Bxc3 dxe4 14.Bd4 Ke7
15.Ne2 e5 16.Bc3 exf3 17.gxf3 Rhc8 18.O-O-O a5 19.Rhe1 Rxc5 20.Nf4 Rc4 21.Nd5+ Nxd5
22.Rxd5 f6 23.Bxa5 b6 24.Red1 Ra7 25.Be1 Rf4 26.a3 Rxf3 27.Bb4+ Ke8 28.Rd6 Nc5
29.Rxb6 Ne4 30.Rc6  1/2-1/2

[Event "10th Izmir Open"]
[Site "Izmir TUR"]
[Date "2011.09.08"]
[Round "9"]
[White "Akcan,U"]
[Black "Gokerkan,Cem Kaan"]
[Result "1-0"]
[WhiteElo "2151"]
[BlackElo "1670"]

1.d4 Nf6 2.Bg5 Ne4 3.Bf4 d5 4.e3 Bf5 5.c4 e6 6.Qb3 b6 7.cxd5 exd5 8.Nc3 Nxc3
9.bxc3 Be7 10.c4 a5 11.cxd5 Bb4+ 12.Ke2 O-O 13.f3 Re8 14.Kf2 Qe7 15.Bb5 Nd7
16.Ne2 g5 17.Bxd7 Bxd7 18.Be5 a4 19.Qd3 f6 20.Bg3 Ra5 21.Nc3 Bxc3 22.Qxc3 Rxd5
23.e4 Ra5 24.Rhe1 h5 25.Qc4+ Kh8 26.Qxc7 Rc8 27.Qd6 Qf7 28.e5 Rc6 29.e6 Rc2+
30.Kg1 Bxe6 31.Rxe6 h4 32.Qd8+ Kg7 33.Re7  1-0

[Event "TCh-POL 1st League"]
[Site "Mrzezyno POL"]
[Date "2011.09.08"]
[Round "6"]
[White "Betkowski,A"]
[Black "Sabuk,P"]
[Result "1/2-1/2"]
[WhiteElo "2185"]
[BlackElo "2199"]

1.d4 Nf6 2.Bg5 Ne4 3.Bf4 c5 4.f3 Qa5+ 5.c3 Nf6 6.d5 Qb6 7.Bc1 d6 8.e4 g6
9.c4 Bg7 10.Nc3 O-O 11.Bd3 e6 12.Nge2 exd5 13.exd5 Nbd7 14.f4 a6 15.O-O Qc7
16.a4 b6 17.Ng3 Bb7 18.Bd2 Rae8 19.Qf3 Re7 20.Rfe1 Rfe8 21.Rxe7 Rxe7 22.Re1 Rxe1+
23.Bxe1 Qd8 24.Qe2 Kf8 25.h3 Qe7 26.Qxe7+ Kxe7 27.Nge2 Ne8 28.g4 Nc7 29.Bh4+ Bf6
30.Bxf6+ Nxf6 31.Kf2 b5 32.b3 b4 33.Ne4 Nxe4+ 34.Bxe4 a5 35.Ke3 Bc8 36.Bc2 Ne8
37.Kf3 Kf8 38.Ng3 Nf6 39.Ne4 Ne8 40.Ng3 Kg7 41.Nf1 Bd7 42.Ne3 Nf6 43.Kg3 Bc8
44.Kf3 Ne8 45.Kg3 Bd7 46.Kf3 h5 47.Kg3 hxg4  1/2-1/2

[Event "TCh-POL 1st League"]
[Site "Mrzezyno POL"]
[Date "2011.09.09"]
[Round "7"]
[White "Bednarek,S"]
[Black "Helis,T"]
[Result "0-1"]
[WhiteElo "2333"]
[BlackElo "2222"]

1.d4 Nf6 2.Bg5 Ne4 3.Bf4 d5 4.f3 Nf6 5.Nc3 c5 6.e3 e6 7.Nb5 Na6 8.g4 cxd4
9.exd4 Be7 10.c3 O-O 11.Qc2 Ne8 12.Bd3 g6 13.Ne2 Bd7 14.h4 Bxh4+ 15.Ng3 f5
16.gxf5 Bxb5 17.Bxb5 Rxf5 18.Bxe8 Rxf4 19.Bxg6 Bxg3+ 20.Ke2 Qf6 21.Rh6 Re4+
22.Qxe4 dxe4 23.Bxh7+ Kg7 24.Rxf6 Kxf6 25.fxe4 Kg7 26.Rg1 Kxh7 27.Rxg3 Rg8
28.Rh3+ Kg7 29.c4 Kf8 30.Rb3 Rg7 31.Rb5 b6 32.Kf3 Rc7 33.b3 Rf7+ 34.Ke3 Rh7
35.Kf4 Ke7 36.a3 Rh4+ 37.Kf3 Nb8 38.Rg5 Nc6 39.d5 Nd4+ 40.Ke3 Nxb3 41.Rg7+ Kd6
42.Rxa7 Nc5 43.dxe6 Rxe4+ 44.Kd2 Rxe6 45.a4 Kc6 46.Kc2 Nb7 47.Ra8 Kc5 48.Kc3 Re3+
49.Kd2 Ra3 50.Rc8+ Kd6 51.Ra8 Nc5 52.Rd8+ Kc7 53.Rh8 Nxa4 54.Rh6 Kb7 55.Rg6 Ka6
56.Rg5 Rh3 57.Rf5 Rh4  0-1

[Event "8th LGA Premium Cup"]
[Site "Nuernberg GER"]
[Date "2011.09.09"]
[Round "2.76"]
[White "Holzmayr,N"]
[Black "Redzepovic,I"]
[Result "0-1"]
[WhiteElo "1840"]
[BlackElo "2118"]

1.d4 Nf6 2.Bg5 Ne4 3.Bf4 c5 4.Nd2 Nxd2 5.Qxd2 cxd4 6.Qxd4 Nc6 7.Qd2 e5 8.Bg3 d5
9.Rd1 Be6 10.Nf3 f6 11.e3 Qb6 12.c3 Rd8 13.Be2 d4 14.exd4 Nxd4 15.Nxd4 Rxd4
16.Qc2 Rxd1+ 17.Bxd1 Be7 18.O-O O-O 19.c4 Qb4 20.Be2 Rd8 21.Bd3 Rxd3 22.Qxd3 Bxc4
23.Qc2 Bxf1 24.Kxf1 Qb5+ 25.Qe2 Qd5 26.b3 Kf7 27.Qc2 Bc5 28.Ke2 g6 29.f3 Qd4
30.Qc4+ Qxc4+ 31.bxc4 Ke6 32.Bh4 Kf5 33.Be1 e4 34.Bc3 exf3+ 35.Kxf3 Bd6 36.g4+ Ke6
37.h3 f5 38.Bd4 a6 39.Bc3 fxg4+ 40.hxg4 h5 41.Bd4 Be5 42.Bc5 Bc3 43.Bf8 Bd4
44.Bh6 b5 45.cxb5 axb5 46.gxh5 gxh5 47.Bd2 Kd5 48.Kf4 Bf6 49.Bb4 Kc4 50.Bd6 Bd8
51.Ke3 Bg5+ 52.Ke4 Bd2 53.Be7 Be1 54.Bf6 h4 55.Be7 Bg3 56.Bf8 h3 57.Kf3 h2
58.Kg2 Be5 59.Be7 Kd3 60.Bb4 Kc2 61.Bc5 Kb2 62.a3 Kb3 63.Be7 Kc4 64.Bf8 Kd5
65.Be7 Bd6 66.Bf6 Kc4 67.Bh4 Kb3 68.Be1 Kxa3 69.Bd2 Kb3 70.Kh1 Kc2 71.Be1 Be5
72.Bb4 Kb3 73.Be7 Kc4 74.Ba3 Bd4 75.Kxh2 Bc5 76.Bb2 b4 77.Bf6 b3 78.Bb2 Kd3
79.Kg2 Kc2 80.Bf6 Bb4 81.Bd4 Bc3  0-1

[Event "8th LGA Premium Cup"]
[Site "Nuernberg GER"]
[Date "2011.09.11"]
[Round "7.86"]
[White "Meulner,Fabian"]
[Black "Anicic,Dragan"]
[Result "1-0"]
[WhiteElo "1822"]
[BlackElo "1623"]

1.d4 Nf6 2.Bg5 Ne4 3.Bh4 g5 4.f3 gxh4 5.fxe4 b6 6.e3 e6 7.Nc3 Qg5 8.Qd2 Bb7
9.Nf3 Qg4 10.Ne5 Qg5 11.Qf2 f6 12.Nf3 Qg6 13.Bd3 Nc6 14.Nxh4 Qg5 15.Nf3 Qg7
16.Ne2 Nb4 17.Nf4 Nxd3+ 18.cxd3 Bb4+ 19.Nd2 Bxd2+ 20.Qxd2 Qg5 21.O-O-O O-O-O
22.Kb1 Kb8 23.Rc1 Qb5 24.Rc3 e5 25.Ne2 d5 26.Rb3 Qe8 27.exd5 Bxd5 28.Rc3 Bxg2
29.Rhc1 Rd7 30.Qc2 Qe7 31.dxe5 fxe5 32.Ng3 Bb7 33.e4 c5 34.Nf5 Qg5 35.Qa4 Rhd8
36.Ra3 a6 37.Qc4 Ka7 38.Rb3 Qf6 39.Rg1 Qc6 40.Rc3 a5 41.Rg3 Ba6 42.Qb3 h5
43.Rh3 Qg6 44.Rg3 Qf6 45.a4 c4 46.dxc4 h4 47.Rgd3 Qc6 48.Rxd7+ Rxd7 49.Qc2 Bb7
50.Nxh4 Rd4 51.Ka2 Qf6 52.Nf5 Rxe4 53.Ng3 Rd4 54.c5 Bd5+ 55.Ka1 bxc5 56.Rxc5 Qd6
57.Rxa5+ Kb8 58.Rb5+ Bb7 59.Qb3 Qc7 60.Ne2 Rd2 61.Nc3 Ka7 62.Qb4 Rxh2 63.Qa5+ Qxa5
64.Rxa5+ Kb6 65.Rxe5 Bc6 66.Ka2 Rh4 67.Ka3 Rg4 68.b4 Kb7 69.b5  1-0

[Event "8th LGA Premium Cup"]
[Site "Nuernberg GER"]
[Date "2011.09.11"]
[Round "7.79"]
[White "Holzmayr,N"]
[Black "Straschewski,J"]
[Result "1/2-1/2"]
[WhiteElo "1840"]
[BlackElo "2025"]

1.d4 Nf6 2.Bg5 Ne4 3.Bf4 c5 4.f3 Qa5+ 5.c3 Nf6 6.Nd2 cxd4 7.Nb3 Qb6 8.Qxd4 Qxd4
9.cxd4 d5 10.e3 Nc6 11.Rc1 g6 12.Bb5 Bd7 13.Nc5 a6 14.Ba4 b5 15.Bb3 e6 16.Nb7  1/2-1/2

[Event "10th Istanbul Open A"]
[Site "Istanbul TUR"]
[Date "2011.09.12"]
[Round "1"]
[White "Muftuoglu,Musa Emin"]
[Black "Erdogdu,M"]
[Result "0-1"]
[WhiteElo "1876"]
[BlackElo "2431"]

1.d4 Nf6 2.Bg5 Ne4 3.Bh4 c5 4.e3 Qb6 5.b3 Qh6 6.Nf3 g5 7.Qd3 d5 8.Bg3 Nxg3
9.fxg3 Nc6 10.c3 g4 11.Ng1 cxd4 12.cxd4 Bg7 13.Nc3 O-O 14.Nxd5 e5 15.Ne2 exd4
16.Nxd4 Nxd4 17.exd4 Qe6+ 18.Ne3 Re8 19.Kd2 Bh6 20.Re1 Bd7 21.h3 Rac8 22.hxg4 Qf6
23.Rxh6 Qxh6 24.Be2  0-1

[Event "ch-Euro Youth b16"]
[Site "Albena BUL"]
[Date "2011.09.14"]
[Round "4.29"]
[White "Kisic,B"]
[Black "Rindlisbacher,L"]
[Result "1-0"]
[WhiteElo "1982"]
[BlackElo "2217"]

1.d4 Nf6 2.Bg5 Ne4 3.Bf4 c5 4.f3 Qa5+ 5.c3 Nf6 6.d5 e6 7.e4 d6 8.Na3 e5 9.Bg5 Be7
10.h4 Qd8 11.Nc2 a6 12.a4 Nh5 13.Bxe7 Qxe7 14.g4 Nf4 15.Ne2 h5 16.Nxf4 exf4
17.g5 f5 18.Bh3 O-O 19.O-O fxe4 20.Bxc8 Rxc8 21.fxe4 Qxe4 22.Qxh5 Nd7 23.Rf2 Ne5
24.Re1 Qd3 25.Rxe5 dxe5 26.g6 Qxd5 27.Rxf4 Qd1+ 28.Qxd1 exf4 29.Qd5+ Kh8
30.Qh5+ Kg8 31.Qh7+  1-0

[Event "4th Mumbai Mayors Cup"]
[Site "Mumbai IND"]
[Date "2011.09.17"]
[Round "3"]
[White "Siddharth,R"]
[Black "Matta,V"]
[Result "1/2-1/2"]
[WhiteElo "2387"]
[BlackElo "2254"]

1.d4 Nf6 2.Bg5 Ne4 3.Bf4 c5 4.d5 Qb6 5.Bc1 e6 6.f3 Nf6 7.c4 exd5 8.cxd5 c4
9.e3 Bc5 10.Kf2 O-O 11.Bxc4 Re8 12.Qb3 Qd6 13.Nc3 a6 14.a4 Ba7 15.a5 Qe5
16.g3 Bxe3+ 17.Kg2 Ba7 18.Nge2 d6 19.Bf4 Qf5 20.h3 Nbd7 21.g4 Qg6 22.Ng3 b5
23.axb6 Nxb6 24.Rad1 Nxc4 25.Qxc4 Rb8 26.Rd2 Bb7 27.Qd3 Qxd3 28.Rxd3 Bc5
29.Nge4 Nxe4 30.Nxe4 Bb4 31.Bxd6 Bxd6 32.Nxd6 Re2+ 33.Kg3 Rxb2 34.Rc1 Rd8
35.Nxb7 Rxb7 36.Rc6 a5 37.Ra6 Rb5 38.d6 g6 39.Rd4 Kg7 40.Ra7 Rb4 41.Rd5 Rb6
42.d7 Kf6 43.Raxa5 Ke6 44.Re5+ Kf6 45.g5+ Kg7 46.Re8 Rxd7 47.Raa8 f6 48.Rg8+ Kf7
49.Raf8+ Ke7 50.Re8+ Kf7 51.h4 fxg5 52.Rgf8+ Kg7 53.hxg5 Rbb7 54.Rg8+ Kf7
55.Ref8+ Ke6 56.Rf6+ Kd5 57.Ra8 Ra7 58.Re8 Re7 59.Rb8 Rab7 60.Rd8+ Rbd7 61.Rb8 Rb7  1/2-1/2

[Event "ch-Euro Youth b18"]
[Site "Albena BUL"]
[Date "2011.09.18"]
[Round "7.23"]
[White "Godart,F"]
[Black "Ashiku,F"]
[Result "1-0"]
[WhiteElo "2266"]
[BlackElo "2139"]

1.d4 Nf6 2.Bg5 Ne4 3.Bh4 c5 4.f3 g5 5.fxe4 gxh4 6.e3 Qb6 7.Nc3 Qxb2 8.Nd5 Kd8
9.Rb1 Qxa2 10.Ra1 Qb2 11.Bc4 e6 12.Ra2 Qxa2 13.Bxa2 exd5 14.Qf3 Be7 15.exd5 cxd4
16.d6 Bg5 17.Nh3 Re8 18.e4  1-0

[Event "e2e4 Sunningdale Autumn"]
[Site "Sunningdale ENG"]
[Date "2011.09.18"]
[Round "5"]
[White "Shepherd,David"]
[Black "Savage,Nicholas W"]
[Result "1/2-1/2"]
[WhiteElo "1996"]
[BlackElo "2133"]

1.d4 Nf6 2.Bg5 Ne4 3.Bf4 d5 4.Nd2 Bf5 5.Nxe4 Bxe4 6.e3 e6 7.c3 Bd6 8.Bxd6 Qxd6
9.Nf3 O-O 10.Ng5 Bg6 11.Bd3 e5 12.dxe5 Qxe5 13.Nf3 Qd6 14.Bxg6 hxg6 15.O-O  1/2-1/2

[Event "TCh-Central Serbia 2011"]
[Site "Kraljevo SRB"]
[Date "2011.09.19"]
[Round "4"]
[White "Pavlovic,Dej"]
[Black "Solomunovic,I"]
[Result "1-0"]
[WhiteElo "2430"]
[BlackElo "2402"]

1.d4 Nf6 2.Bg5 Ne4 3.Bf4 d5 4.e3 c6 5.Bd3 Qb6 6.Bxe4 Qxb2 7.Nd2 dxe4 8.Ne2 Nd7
9.Nxe4 g6 10.O-O Bg7 11.Qd3 Qb6 12.a4 O-O 13.a5 Qd8 14.Qc3 Re8 15.Rfd1 c5
16.Nxc5 Nxc5 17.Qxc5 Bg4 18.f3 Bf5 19.c3 b6 20.axb6 axb6 21.Qc7 Rc8 22.Qxd8 Rexd8
23.e4 Be6 24.d5 Bd7 25.Ra7 e5 26.Be3 Bb5 27.Kf2 Bxe2 28.Kxe2 Rxc3 29.Bxb6 Rb8
30.Bc7 Rc8 31.d6 Bf6 32.Rd2 Bd8 33.d7 R3xc7 34.dxc8=Q Rxc8 35.Rda2 Bb6 36.Ra8 Rxa8
37.Rxa8+ Kg7 38.Ra6 Bg1 39.g3 h5 40.Kf1 Be3 41.Ra3 Bg5 42.Ke2 h4 43.Ra5 Kf6
44.Kd3 hxg3 45.hxg3 Bh6 46.Ra6+ Ke7 47.Kc4 Bd2 48.Kd5 Be1 49.Kxe5 Bxg3+ 50.Kd5 Be1
51.e5 Bc3 52.Ra7+ Kf8 53.Rc7 Bb2 54.Rc2 Ba3 55.Rc7 Bb2 56.Ke4 Ba3 57.Kf4 Be7
58.Rb7 Ke8 59.Rb8+ Kd7 60.Ke4 Bc5 61.Kd5 Be3 62.Rb7+ Ke8 63.e6 fxe6+ 64.Kxe6 Kd8
65.Rd7+ Kc8 66.Rd3 Bf4 67.Kf6 g5 68.Rd5 Kc7  1-0

[Event "24th Moratalaz Open"]
[Site "Madrid ESP"]
[Date "2011.09.19"]
[Round "5.8"]
[White "Spitzer Isbert,R"]
[Black "Guerra Mendez,J"]
[Result "0-1"]
[WhiteElo "2099"]
[BlackElo "2448"]

1.d4 Nf6 2.Bg5 Ne4 3.Bf4 c5 4.f3 Qa5+ 5.c3 Nf6 6.d5 Qb6 7.Nd2 Nxd5 8.Nc4 Qe6
9.Bxb8 Rxb8 10.e4 Nb6 11.Ne3 g6 12.Nh3 Bg7 13.a4 O-O 14.a5 Na8 15.Bc4 Qc6
16.O-O e6 17.Qd3 Nc7 18.Rfd1 b5 19.axb6 axb6 20.Ra7 b5 21.Rxc7 Qxc7 22.Bxb5 Qb6
23.c4 Ba6 24.Bxa6 Qxa6 25.Kh1 Rxb2 26.Qxd7 Qa3 27.Nf1 Qb3  0-1

[Event "TCh-Central Serbia 2011"]
[Site "Kraljevo SRB"]
[Date "2011.09.20"]
[Round "5"]
[White "Prelevic,D"]
[Black "Govedarica,R"]
[Result "1-0"]
[WhiteElo "2311"]
[BlackElo "2389"]

1.d4 Nf6 2.Bg5 Ne4 3.h4 d5 4.Nd2 Nxg5 5.hxg5 g6 6.Ngf3 h6 7.e4 dxe4 8.Nxe4 Bf5
9.Bd3 Bg7 10.Qe2 Bxe4 11.Bxe4 c6 12.gxh6 Rxh6 13.Rxh6 Bxh6 14.Kf1 e6 15.Bxg6 fxg6
16.Qxe6+ Kf8 17.Ne5 Qc7 18.Nxg6+ Kg7 19.Ne7 Qf4 20.Nf5+ Kh7 21.Qf7+ Kh8 22.Qf6+ Kh7
23.Re1  1-0

[Event "TCh-Central Serbia 2011"]
[Site "Kraljevo SRB"]
[Date "2011.09.21"]
[Round "7"]
[White "Civric,Z"]
[Black "Djokic,Nen"]
[Result "0-1"]
[WhiteElo "2203"]
[BlackElo "2362"]

1.d4 Nf6 2.Bg5 Ne4 3.Bf4 c5 4.d5 d6 5.f3 Nf6 6.e4 g6 7.Qd2 h6 8.Bd3 Bg7 9.Nc3 a6
10.a4 b6 11.Nge2 Qc7 12.Bc4 Nbd7 13.Ng3 h5 14.h4 Ne5 15.Be2 Bd7 16.Nf1 Ng8
17.Ne3 Bh6 18.Bxh6 Nxh6 19.Nc4 Nxc4 20.Bxc4 f6 21.O-O Nf7 22.Qe2 Qc8 23.f4 Kf8
24.Ra3 Bg4 25.Qd3 Kg7 26.Rb3 Qb7 27.Nd1 Rhb8 28.Nc3 Qc8 29.Ra3 Bd7 30.Raa1 Qb7
31.Qg3 Bg4 32.Rae1 Qc7 33.Qd3 Bd7 34.Bxa6 Bxa4 35.Nxa4 c4 36.Bxc4 Rxa4 37.Bb3 Ra5
38.Rf3 Rba8 39.Rff1 Qc5+ 40.Qe3 Nh6 41.Qxc5 bxc5 42.Rb1 Ng4 43.Rfe1 g5 44.g3 gxf4
45.gxf4 Kf7 46.Kf1 Rb8 47.Bc4 Rb4 48.b3 Ra2 49.Bd3 f5 50.Kg2 c4 51.bxc4 Rxb1
52.Rxb1 fxe4 53.Bxe4 Ne3+ 54.Kf3 Nxc4 55.Ke2 Na3 56.Rc1 Nb5 57.Kd3 Nc7 58.Rb1 Na6
59.Bf3 Nc5+ 60.Kd2 Ra4 61.Bxh5+ Kf6 62.Rf1 Ne4+ 63.Ke3 Ng3 64.Rg1 Nxh5  0-1

[Event "TCh-HUN 2011-12"]
[Site "Kecskemet HUN"]
[Date "2011.09.25"]
[Round "1"]
[White "Brandics,J"]
[Black "Sipos,I"]
[Result "0-1"]
[WhiteElo "2308"]
[BlackElo "2452"]

1.d4 Nf6 2.Bg5 Ne4 3.Bf4 c5 4.dxc5 Nc6 5.Nd2 Nxc5 6.e4 g6 7.Be3 d6 8.c3 Bg7
9.Bxc5 dxc5 10.Nb3 Qb6 11.Nf3 O-O 12.Bc4 Na5 13.Nxa5 Qxa5 14.O-O b5 15.Bd5 Rb8
16.e5 Bg4 17.Qe2 e6 18.h3 Bxh3 19.Ng5 exd5 20.Nxh3 b4 21.c4 dxc4 22.f4 Qa6
23.b3 Rbd8 24.Rad1 Rfe8 25.bxc4 Qc6 26.Ng5 f6 27.Nf3 a5 28.Rxd8 Rxd8 29.e6 f5
30.Rd1 Re8 31.Rd7 h6 32.Ne5 Qxe6 33.Qd2 Bxe5 34.fxe5 Qxe5 35.Rd8 Rxd8 36.Qxd8+ Kg7
37.Qd7+ Kf6 38.Qd8+ Qe7 39.Qd2 h5 40.Kh1 a4 41.Qd1 a3 42.Qd2 g5 43.Qd1 h4
44.Qd2 Qe5 45.Qd1 Kg6 46.Qd2 g4  0-1

[Event "8th Highlands Open"]
[Site "Zdar nad Sazavou CZE"]
[Date "2011.09.25"]
[Round "2"]
[White "Glacner,K"]
[Black "Svoboda,I"]
[Result "0-1"]
[WhiteElo "1669"]
[BlackElo "2006"]

1.d4 Nf6 2.Bg5 Ne4 3.Bf4 d5 4.e3 e6 5.h3 c5 6.f3 Qh4+ 7.g3 Nxg3 8.Bxg3 Qxg3+
9.Kd2 cxd4 10.exd4 Nc6 11.Bb5 Be7 12.Kc1 O-O 13.c3 e5 14.Nd2 exd4 15.Ne2 Qd6
16.cxd4 Bf5 17.a3 Rac8 18.Bxc6 Rxc6+ 19.Nc3 Rxc3+  0-1

[Event "8th Highlands Open"]
[Site "Zdar nad Sazavou CZE"]
[Date "2011.10.01"]
[Round "9"]
[White "Bastyr,P"]
[Black "Zamorsky,Ladislav"]
[Result "0-1"]
[WhiteElo "1620"]
[BlackElo "1757"]

1.d4 Nf6 2.Bg5 Ne4 3.Bf4 d5 4.Nd2 Nd6 5.Bxd6 Qxd6 6.Ngf3 g6 7.e3 Bg7 8.c4 c5
9.Qb3 cxd4 10.Nxd4 Bxd4 11.exd4 Nc6 12.Qb5 dxc4 13.d5 Qe5+ 14.Be2 O-O 15.Nxc4 Qxe2+
16.Kxe2 Nd4+ 17.Ke3 Nxb5 18.Na5 Bf5 19.Rac1 Rac8 20.Nxb7 Rxc1 21.Rxc1 Rb8
22.Nc5 Nd6 23.b3 Kg7 24.h3 h5 25.Kf4 Kf6 26.Na6 g5+ 27.Ke3 Rb7 28.Kd4 Bd7
29.Nc5 Rc7 30.Ne4+ Nxe4 31.Rxc7 Bf5 32.g4 hxg4 33.hxg4 Bg6 34.f3 Nd6 35.Rxa7 Nb5+
36.Kc5 Nxa7 37.a4 Bc2 38.Kb4 Bd1 39.a5 Ke5 40.Kc5 Bxb3 41.Kb6 Nc8+ 42.Kb7 Nd6+
43.Kb6 Bxd5 44.a6 Bxf3 45.a7 Nc8+ 46.Ka6 Ba8  0-1

[Event "TCh-CZE Liga 1 Zapad"]
[Site "Czech Rep CZE"]
[Date "2011.10.02"]
[Round "1.5"]
[White "Tichy, Vladimir"]
[Black "Tuma, Jakub"]
[Result "1/2-1/2"]
[WhiteElo "2257"]
[BlackElo "2288"]

1.d4 Nf6 2.Bg5 Ne4 3.Bf4 c5 4.f3 Qa5+ 5.c3 Nf6 6.d5 d6 7.e4 g6 8.Nd2 Nbd7
9.Nc4 Qc7 10.a4 Nb6 11.Na3 Bg7 12.Bb5+ Nbd7 13.Nc4 a6 14.Bxd7+ Nxd7 15.a5 b5
16.axb6 Nxb6 17.Na5 Bd7 18.Ne2 O-O 19.O-O Bb5 20.Qc2 Nc4 21.Nxc4 Bxc4 22.Rf2 e6
23.b3 Bb5 24.Rd1 e5 25.Be3 c4 26.b4 Qd7 27.Qd2 f5 28.exf5 gxf5 29.f4 Qf7
30.Ng3 Qg6 31.Rdf1 Bd7 32.Qe2 Rae8 33.Nh5 exf4 34.Nxf4 Qf6 35.Kh1 Qxc3 36.Rf3 Qb2
37.Qe1 Rf7 38.Qg3 Qe5 39.Bd2 Kh8 40.Re3 Qb2 41.Rxe8+ Bxe8 42.Bc1 Qc3 43.Be3 Be5
44.Qf2 Bd7 45.Ne6 Qd3 46.Bd4 Bxd4 47.Nxd4 Re7 48.h3 c3 49.Nb3 Qxd5 50.Qh4 Qe5
51.Nd4 Rf7 52.Qd8+ Qe8 53.Qc7 Rg7 54.Qxc3 Qe4 55.Nf3 f4 56.Rd1 Qg6 57.Rd2 Qg3
58.Qf6 Bxh3 59.Qf8+ Rg8 60.Qf6+  1/2-1/2

[Event "Oslo GM Open"]
[Site "Oslo NOR"]
[Date "2011.10.02"]
[Round "1"]
[White "Flaata,A"]
[Black "Gullaksen,E"]
[Result "0-1"]
[WhiteElo "2108"]
[BlackElo "2376"]

1.d4 Nf6 2.Bg5 Ne4 3.Bf4 c5 4.f3 Qa5+ 5.c3 Nf6 6.d5 Qb6 7.e4 Qxb2 8.Nd2 Qxc3
9.Bc7 d6 10.Rb1 Nfd7 11.Ne2 Qf6 12.Ba5 Qh4+ 13.g3 Qh5 14.Bc3 Rg8 15.Nf4 Qh6
16.Qa4 g5 17.Nd3 Bg7 18.e5 Kf8 19.Ne4 Qg6 20.Bh3 dxe5 21.O-O c4 22.Qxc4 Nb6
23.Qc7 f5 24.d6 Nc6 25.dxe7+ Nxe7 26.Nd6 Be6 27.Nxe5 Qh6 28.Bg2 Nbd5 29.Qxb7 Rd8
30.Bd4 Rxd6 31.Qb8+ Nc8 32.Rfc1 Ne7 33.Rxc8+ Nxc8 34.Rc1 Ke7 35.Rc7+ Bd7
36.Rxd7+ Rxd7 37.Nc6+ Qxc6 38.Qb4+  0-1

[Event "TCh-SWE 2011-12"]
[Site "Malmo SWE"]
[Date "2011.10.07"]
[Round "1"]
[White "Lindborg,Pe"]
[Black "Penalver,O"]
[Result "1-0"]
[WhiteElo "2144"]
[BlackElo "2270"]

1.d4 Nf6 2.Bg5 Ne4 3.Bf4 d5 4.e3 e6 5.Bd3 Nd7 6.Bxe4 dxe4 7.Nc3 Bb4 8.Ne2 f5
9.O-O O-O 10.a3 Bd6 11.Nb5 Nb6 12.b3 Nd5 13.Nxd6 cxd6 14.Bg3 Qe7 15.c4 Nf6
16.Nc3 Rd8 17.f3 exf3 18.Qxf3 e5 19.Rad1 e4 20.Qe2 Bd7 21.b4 a5 22.c5 d5
23.Bc7 Rdc8 24.Bxa5 Be6 25.Nb5 Ng4 26.h3 Nh6 27.Qf2 Rf8 28.Bc7 Qd7 29.Qe2 g5
30.Bd6 Rf6 31.Rf2 f4 32.exf4 g4 33.f5 Rxf5 34.Rxf5 Bxf5 35.Qe3 Nf7 36.Nc7 Rd8
37.Nxd5 Qe6 38.Ne7+ Kh8 39.d5 Qf6 40.Nxf5 Qxf5 41.hxg4 Qxg4 42.Qd4+ Kg8 43.Be7 Ra8
44.d6 Qe6 45.Re1 Qe5 46.Rxe4 Qxd4+ 47.Rxd4 Nd8 48.Rg4+ Kf7 49.Rf4+ Ke6 50.Rf8 Rxa3
51.Bxd8 Ra8 52.Be7 Ra4 53.Rb8 Rxb4 54.c6 Rb1+ 55.Kh2 Rc1 56.c7  1-0

[Event "TCh-MNE 1st League"]
[Site "Tivat MNE"]
[Date "2011.10.08"]
[Round "8.3"]
[White "Pavlovic,Dej"]
[Black "Lekic,L"]
[Result "1-0"]
[WhiteElo "2430"]
[BlackElo "1935"]

1.d4 Nf6 2.Bg5 Ne4 3.Bf4 d5 4.e3 Nc6 5.Bd3 g5 6.Bg3 Nxg3 7.hxg3 Bg7 8.Rxh7 Rxh7
9.Bxh7 e5 10.c3 e4 11.Qh5 Qf6 12.f3 Be6 13.fxe4 O-O-O 14.Qf3 Rh8 15.Qxf6 Bxf6
16.exd5 Bxd5 17.Bf5+ Kb8 18.Kf2 Rh2 19.e4 Nxd4 20.exd5 Nxf5 21.Nd2 Be5 22.Ne4 Rh1
23.Re1 f6 24.Nf3 Rxe1 25.Nxe1 Ne7 26.Nd3 Nxd5 27.Nxe5 fxe5 28.Nxg5 c5 29.Kf3 Kc7
30.Nf7  1-0

[Event "II Oliver Gonzalez Memorial"]
[Site "Madrid ESP"]
[Date "2011.10.12"]
[Round "5.14"]
[White "Hernando Rodrigo,Jo"]
[Black "Cabanas Bravo,J"]
[Result "1-0"]
[WhiteElo "2328"]
[BlackElo "2065"]

1.d4 Nf6 2.Bg5 Ne4 3.Bh4 d5 4.f3 Nd6 5.Nc3 c5 6.e4 dxe4 7.dxc5 Nf5 8.Qxd8+ Kxd8
9.O-O-O+ Bd7 10.Bg5 exf3 11.Nxf3 f6 12.Bb5 Kc8 13.g4 Bxb5 14.Nxb5 Nh6 15.Bxh6 gxh6
16.Nfd4 h5 17.gxh5 Bh6+ 18.Kb1 Nc6 19.Nxc6 bxc6 20.Nd4 Be3 21.Ne6 Rg8 22.Rhe1 Bf2
23.Re2 Bg1 24.a4 Rb8 25.Red2 Rb4 26.Rd7 Bxh2 27.Rxa7 Re4 28.Rxe7 f5 29.a5 Ra4
30.Ra7 Re8 31.Nd4 Bb8 32.Rxh7 Rd8 33.c3 Rxa5 34.Rf1 f4 35.Nxc6  1-0

[Event "Mitropa Cup"]
[Site "Merlimont FRA"]
[Date "2011.10.12"]
[Round "5"]
[White "Tripoteau,N"]
[Black "Brunello,S"]
[Result "0-1"]
[WhiteElo "2397"]
[BlackElo "2569"]

1.d4 Nf6 2.Bg5 Ne4 3.Bf4 c5 4.d5 Qb6 5.Nd2 Nxd2 6.Bxd2 Qxb2 7.e4 Qe5 8.Bd3 c4
9.Nf3 Qc7 10.Be2 e5 11.dxe6 dxe6 12.Bc3 Nd7 13.O-O b5 14.Qd2 Bb7 15.a4 b4
16.Bxb4 Bxb4 17.Qxb4 Bxe4 18.Nd2 Bd5 19.Bxc4 Bxc4 20.Nxc4 Qc5 21.Qb5 Rb8
22.Qa6 O-O 23.Rab1 Qc7 24.Ne3 Rb6 25.Qa5 Rc6 26.Qh5 Rc8 27.Rb5 Qf4 28.Rb7 R6c7
29.Rxc7 Qxc7 30.Rd1 h6 31.Rd4 Nf6 32.Qd1 Qa5 33.Nc4 Qc7 34.Nd6 Rb8 35.c4 Qa5
36.h3 h5 37.Rd3 a6 38.Qf3 Qxa4 39.c5 Qa1+ 40.Rd1 Rb1 41.Qa8+ Kh7 42.Rxb1 Qxb1+
43.Kh2 Qb4 44.Nxf7 Qxc5 45.f4 Qe3 46.Qb8 Kg6 47.Nd8 Kf5 48.Qc8 Qxf4+ 49.Kh1 Qf1+
50.Kh2 Qf4+ 51.Kh1 Qf1+ 52.Kh2 Qe2 53.Qb7 Qe5+ 54.Kh1 Qd5 55.Qb6 Ne4 56.Nc6 Qd1+
57.Kh2 Qd6+ 58.Kh1 h4 59.Qxa6 Ng3+ 60.Kg1 Qd1+ 61.Kf2 Qd2+ 62.Kf3 Qf4+  0-1

[Event "TCh-ROU Superliga 2011"]
[Site "Brasov ROU"]
[Date "2011.10.14"]
[Round "7.4"]
[White "Tugui,A"]
[Black "Mosnegutu,K"]
[Result "1-0"]
[WhiteElo "2384"]
[BlackElo "2240"]

1.d4 Nf6 2.Bg5 Ne4 3.Bf4 c5 4.f3 Nf6 5.d5 e6 6.Nc3 d6 7.dxe6 fxe6 8.e4 d5
9.exd5 exd5 10.Nb5 Na6 11.Qe2+ Be7 12.Nd6+ Kf8 13.Nxc8 Qxc8 14.Nh3 h6 15.O-O-O c4
16.Be5 Qc6 17.Nf4 Re8 18.Qd2 Bc5 19.Kb1 Kf7 20.Bxf6 gxf6 21.Qxd5+ Qxd5 22.Nxd5 b5
23.a4 Re5 24.axb5 Nb4 25.Bxc4 Nxd5 26.Rxd5 Rxd5 27.Rd1 Kg6 28.Rxd5 Bg1 29.h3 h5
30.g4 hxg4 31.hxg4 Rh1 32.Rd1 Kg5 33.f4+ Kxg4 34.Bd5 Rh2 35.Rxg1+ Kxf4 36.Rg7 Ke5
37.Bc6  1-0

[Event "TCh-MNE 1st League"]
[Site "Tivat MNE"]
[Date "2011.10.14"]
[Round "7.3"]
[White "Bogosavljevic,B"]
[Black "Arsovic,G"]
[Result "0-1"]
[WhiteElo "2541"]
[BlackElo "2409"]

1.d4 Nf6 2.Bg5 Ne4 3.Bf4 c5 4.d5 Qa5+ 5.c3 e6 6.f3 Nf6 7.e4 exd5 8.e5 Nh5
9.Bc1 Qd8 10.Be3 d4 11.cxd4 cxd4 12.Qxd4 Nc6 13.Qd2 Bb4 14.Nc3 Nxe5 15.g4 Nf6
16.g5 Nh5 17.a3 Bxc3 18.Qxc3 Qe7 19.O-O-O O-O 20.f4 Ng6 21.Bc5 d6 22.Bxd6 Qe4
23.Bxf8 Bf5 24.Bd3 Qe3+ 25.Kb1 Rc8 26.Bxf5 Rxc3 27.Bb4 Rc5 28.Rd8+ Nf8 29.Nh3 Nxf4
30.Re1 Ne2 31.Bxc5 Qxc5 32.Bc2 Nd4 33.Be4 Qa5 34.Rxf8+ Kxf8 35.Rd1 Qe5 36.Bxb7 Qf5+
37.Ka2 Qe6+ 38.Kb1 Qxh3 39.Rxd4 Qxh2 40.Ka2 Qe5 41.Rd5 Qc7 42.Ba6 Qc6 43.Ra5 Qe6+
44.b3 h5 45.Bc4 Qe4 46.a4 Qg2+ 47.Ka3 Qf2 48.Rb5 g6  0-1